|
|
|
|
| LEADER |
00000cam a2200000 7i4500 |
| 001 |
0000003003 |
| 005 |
20040331.0 |
| 090 |
0 |
0 |
|a RP 577.698
|b RES 1982
|
| 245 |
0 |
0 |
|a RESEARCH activities in the Malaysian mangrove ecosystems
|c by The Coordinating Committee on Mangrove Research
|
| 260 |
0 |
0 |
|a Kuala Lumpur :
|b Forestry Department Peninsular Malaysia ,
|c 1982
|
| 300 |
|
|
|a 66 p. ;
|c 30 cm.
|
| 440 |
0 |
0 |
|a Research pamphlet ; no. 86
|
| 500 |
0 |
0 |
|a Bibliography : p. 45-66
|
| 650 |
0 |
0 |
|a Mangrove ecology
|z Malaysia
|
| 650 |
0 |
0 |
|a Mangrove
|z Malaysia
|
| 710 |
1 |
1 |
|a Institut Penyelidikan Perhutanan Malaysia (FRIM)
|
| 998 |
|
|
|a JPSM
|
| 999 |
|
|
|a 0000005314
|b Monograph
|c Open Shelf
|e Default branch
|
| 999 |
|
|
|a 0000005315
|b Monograph
|c Open Shelf
|e Default branch
|
| 999 |
|
|
|a 0000005316
|b Monograph
|c Open Shelf
|e Default branch
|